000 00671nam a2200289Ia 4500
005 20260324132826.0
008 008 260324s9999 xx 000 0 eng d
020 _a9780203604182
037 _aEBOOK
040 _aCRL
040 _beng
040 _cCRL
041 _2eng
041 _aeng
084 _qCRL
100 _aTanya Horeck
_91190765
245 0 _aPublic Rape
245 0 _bRepresenting Violation in Fiction and Film
260 _bTaylor and Francis
260 _c2004
365 _a
365 _b230
856 _uhttp://www.taylorfrancis.com/books/9780203604182
942 _cEBOOK
999 _c1789202
_d1789202